BALING MEMBUKA JALAN DAMAI / (Record no. 43461)
[ view plain ]
| 000 -LEADER | |
|---|---|
| fixed length control field | 01084nam a2200337 i 4500 |
| 001 - CONTROL NUMBER | |
| control field | C2-0139209 |
| 003 - CONTROL NUMBER IDENTIFIER | |
| control field | PPAK |
| 005 - DATE AND TIME OF LATEST TRANSACTION | |
| control field | 20231221112749.0 |
| 008 - FIXED-LENGTH DATA ELEMENTS--GENERAL INFORMATION | |
| fixed length control field | 971223s1994 my o|||g ||||| | 0 may d |
| 020 ## - INTERNATIONAL STANDARD BOOK NUMBER | |
| International Standard Book Number | 9839041134 |
| Qualifying information | paperback |
| 040 ## - CATALOGING SOURCE | |
| Original cataloging agency | PPAK |
| Language of cataloging | eng |
| Transcribing agency | PPAK |
| Description conventions | rda |
| 082 04 - DEWEY DECIMAL CLASSIFICATION NUMBER | |
| Classification number | 959.511208 |
| Edition number | 23 |
| 090 00 - LOCALLY ASSIGNED LC-TYPE CALL NUMBER (OCLC); LOCAL CALL NUMBER (RLIN) | |
| Classification number (OCLC) (R) ; Classification number, CALL (RLIN) (NR) | 959.511208 |
| Feature heading | WAH |
| Feature heading | KK |
| Classification number (OCLC) (R) ; Classification number, CALL (RLIN) (NR) | 959.511208 |
| Feature heading | WAH |
| Feature heading | R |
| 100 0# - MAIN ENTRY--PERSONAL NAME | |
| Personal name | Wahba, |
| Relator term | author. |
| Fuller form of name | (Wan Hamzah Awang) |
| Dates associated with a name | 1948- |
| 245 10 - TITLE STATEMENT | |
| Title | BALING MEMBUKA JALAN DAMAI / |
| Statement of responsibility, etc. | WAHBA |
| 250 ## - EDITION STATEMENT | |
| Edition statement | Edisi Baru |
| 264 #1 - PRODUCTION, PUBLICATION, DISTRIBUTION, MANUFACTURE, AND COPYRIGHT NOTICE | |
| Place of production, publication, distribution, manufacture | Kajang, Selangor : |
| Name of producer, publisher, distributor, manufacturer | MASA ENTERPRISE, |
| Date of production, publication, distribution, manufacture, or copyright notice | 1994 |
| 300 ## - PHYSICAL DESCRIPTION | |
| Extent | 224 pages : |
| Other physical details | photographs ; |
| Dimensions | 22 cm |
| 336 ## - CONTENT TYPE | |
| Content type term | text |
| Source | rdacontent |
| Content type term | still image |
| Source | rdacontent |
| 337 ## - MEDIA TYPE | |
| Media type term | unmediated |
| Source | rdamedia |
| 338 ## - CARRIER TYPE | |
| Carrier type term | volume |
| Source | rdacarrier |
| 500 ## - GENERAL NOTE | |
| General note | Includes index. |
| 504 ## - BIBLIOGRAPHY, ETC. NOTE | |
| Bibliography, etc. note | Bibliography : pages 219-221. |
| 600 00 - SUBJECT ADDED ENTRY--PERSONAL NAME | |
| Personal name | Tunku Abdul Rahman Putra, |
| Titles and other words associated with a name | al-Haj, |
| Dates associated with a name | 1903-1990 |
| General subdivision | Quotations |
| Personal name | Ching Peng |
| General subdivision | Quotations |
| 651 #0 - SUBJECT ADDED ENTRY--GEOGRAPHIC NAME | |
| Geographic name | Kedah (Baling) |
| General subdivision | History |
| Geographic name | Malaysia |
| General subdivision | Politics and government |
| 942 ## - ADDED ENTRY ELEMENTS (KOHA) | |
| Koha item type | Book |
| Source of classification or shelving scheme | Dewey Decimal Classification |
| Withdrawn | Not for loan | Current library | Shelving location | Date acquired | Full call number | Barcode | Date last seen | Koha item type |
|---|---|---|---|---|---|---|---|---|
| Not For Loan | Perpustakaan Alor Setar | Rujukan Dewasa | 19/07/1998 | R 959.511208 WAH | A00110213 | 08/05/2018 | Book | |
| Not For Loan | Perpustakaan Alor Setar | Koleksi Kedah | 01/08/1998 | KK 959.511208 WAH | A00152753 | 08/05/2018 | Book | |
| Not For Loan | Perpustakaan Alor Setar | Koleksi Kedah | 08/08/1998 | KK 959.511208 WAH | A00153323 | 08/05/2018 | Book |